| 000 | 07771 a2200673 4500 | ||
|---|---|---|---|
| 005 | 20090518122038.0 | ||
| 008 | 090518t xxu||||| |||| 00| 0 eng d | ||
| 010 | _aENG-89984 B-309149-182 | ||
| 020 |
_a8175151625 _c360.00 |
||
| 020 |
_a9788175151628 _c360.00 |
||
| 035 | _aEN-73517 B-309149-182 | ||
| 037 | _bDBAD / PUB | ||
| 040 |
_adpl _bEnglish |
||
| 082 | _a004 | ||
| 100 | _aJaiswal, S. | ||
| 245 |
_aComputer science question bank bible / _cby S. Jaiswal |
||
| 250 | _arev. ed. | ||
| 260 |
_aNew Delhi _bGalgotia Publications _c2006 |
||
| 270 |
_a5, Ansari Road, Darya Ganj _bNew Delhi _cDelhi _e110002 |
||
| 300 |
_aVarious pagings _c28cm. ( pbk) |
||
| 500 | _aIncludes index. | ||
| 942 |
_adpl _cEN _2ddc _h004 _mJAI |
||
| 999 |
_c11770 _d11770 |
||